| 000 | 00413 a2200121 4500 | ||
|---|---|---|---|
| 001 | ART_45065 | ||
| 005 | 20260410162038.0 | ||
| 008 | 260409a | ||
| 245 | 1 | 0 | _aRecuperación económica y precariedad laboral en la Argentina |
| 100 | 1 | _aGolovanevsky, Laura | |
| 700 | 1 | _aPaz, Jorge Augusto | |
| 773 | 0 |
_tRevista de estudios regionales y mercado de trabajo _g- N° 3 (ene./dic. 2007) _wREV44894 |
|
| 999 |
_c34638 _d34638 |
||